000 00689nam a2200253Ia 4500
003 OSt
005 20221007095200.0
006 a|||||r|||| 00| 0
007 ta
008 221006b |||||||| |||| 00| 0 eng d
020 _a8178351080
024 _a1,020
037 _cReference Collections
040 _aLCO
_cLCO
_beng
041 _2eng
_aeng
082 _aZ2,91, P2
100 _aAggarwal D.D.
_9150456
245 0 _aJurisprudence In India
_b Through the ages
260 _aDelhi
_bKalpaz Publications India
_c2002
300 _a281
650 _aJurisprudence
942 _hZ2,91, P2
_cREF
999 _c1170583
_d1170583